书目信息 |
| 题名: |
且行且思
|
|
| 作者: | 陈秋霞 主编 | |
| 分册: | ||
| 出版信息: | 北京 九州出版社 2020.08 |
|
| 页数: | 353页 | |
| 开本: | 24cm | |
| 丛书名: | ||
| 单 册: | ||
| 中图分类: | G622.0 | |
| 科图分类: | ||
| 主题词: | 小学--xiao xue--教学研究 | |
| 电子资源: | ||
| ISBN: | 978-7-5108-9253-0 | |
| 000 | 01152nam0 2200229 450 | |
| 001 | 0105143327 | |
| 005 | 20201105143351.0 | |
| 010 | @a978-7-5108-9253-0@dCNY46.80 | |
| 100 | @a20200708d2020 em y0chiy0110 ea | |
| 101 | 0 | @achi |
| 102 | @aCN@b110000 | |
| 105 | @ay z 000yy | |
| 106 | @ar | |
| 200 | 1 | @a且行且思@Aqie hang qie si@e小学教育教学研究与实践@f陈秋霞主编 |
| 210 | @a北京@c九州出版社@d2020.08 | |
| 215 | @a353页@d24cm | |
| 330 | @a《且行且思——小学教育教学研究与实践》一书,编辑收录一线教师撰写的经验论文、案例分析、教学设计,涵盖学校管理、德育和教学各个领域,为学校管理者及教师将新课改的理念转化为教育教学行为,促进学生主动、高效、个性化地学习提供了丰富案例。透过案例,我们可以了解学校领导干部和教师在实际工作中遇到的一些问题,看到学校领导和教师为解决这些问题做了什么、怎样做的,有些什么思考和对策,得到了哪些经验和启示。书中内容是教师自我发展的真实记录,是教师间开展教学研讨的缩影,是可以共同分享的宝贵资源,也是可以推进干部教师进行教育教学研究的参照资料。 | |
| 606 | 0 | @a小学@Axiao xue@x教学研究 |
| 690 | @aG622.0@v5 | |
| 701 | 0 | @a陈秋霞@Achen qiu xia@4主编 |
| 801 | 0 | @aCN@bBJSZM@c20201105 |
| 905 | @b1262784-6@dG622.0@e1192@f3 | |
| 且行且思:小学教育教学研究与实践/陈秋霞主编.-北京:九州出版社,2020.08 |
| 353页;24cm |
| ISBN 978-7-5108-9253-0:CNY46.80 |
| 《且行且思——小学教育教学研究与实践》一书,编辑收录一线教师撰写的经验论文、案例分析、教学设计,涵盖学校管理、德育和教学各个领域,为学校管理者及教师将新课改的理念转化为教育教学行为,促进学生主动、高效、个性化地学习提供了丰富案例。透过案例,我们可以了解学校领导干部和教师在实际工作中遇到的一些问题,看到学校领导和教师为解决这些问题做了什么、怎样做的,有些什么思考和对策,得到了哪些经验和启示。书中内容是教师自我发展的真实记录,是教师间开展教学研讨的缩影,是可以共同分享的宝贵资源,也是可以推进干部教师进行教育教学研究的参照资料。 |
| ● |
| 相关链接 |
|
|
|
|
正题名:且行且思
索取号:G622.0/1192
 
预约/预借
| 序号 | 登录号 | 条形码 | 馆藏地/架位号 | 状态 | 备注 |
| 1 | 1262784 | 212627843 | 第一样本阅览室/ [索取号:G622.0/1192] | 在馆 | |
| 2 | 1262785 | 212627852 | 第四借阅区/ [索取号:G622.0/1192] | 在馆 | |
| 3 | 1262786 | 212627861 | 第四借阅区/ [索取号:G622.0/1192] | 在馆 |